000 00719cab a2200229 4500
001 WB3206-54
008 090401t1996 xxu||||| |||| 00| 0 eng d
035 _a(Sirsi) u21407
041 _aeng
245 _aCluttons sued
260 _c1996
350 _a0
490 _aProperty Week
_v54(6) 8 February 1996, 21(1)
520 _aCluttons are being sued for damages for deceit, negligence and misrepresentation by a client who claims the measurements of a property he wanted to buy were wrong.
650 _aCLUTTONS
650 _aMEASUREMENTS
650 _aMISREPRESENTATION
650 _aNEGLIGENCE
690 _aMANAGEMENT-BUSINESS MANAGEMENT-PROFESSIONAL PRACTICE
942 _n0
948 _c04/03/1997
999 _c14370
_d14370